Länder in denen Zirkustiere verboten sind - Statistiken

Allgemein
  • Dieses Quiz wurde 29 mal gespielt
  • Das Durchschnittsergebnis liegt bei 31 aus 45
Antworten auf der Karte
Die Antworten werden auf der Karte rot bzw. grün angezeigt, abhängig davon wie oft sie richtig erraten wurden.
 
Antwortstatistiken
Verbot betrifft Land % Korrekt
Verbot aller Tiere Italien
93%
Verbot von Wildtieren Belgien
89%
Verbot von Wildtieren Dänemark
89%
Verbot von Wildtieren Niederlande
89%
Verbot von Wildtieren Portugal
89%
Verbot von Wildtieren Finnland
85%
Verbot aller Tiere Griechenland
85%
Verbot von Wildtieren Luxemburg
85%
Verbot von Wildtieren Norwegen
85%
Verbot von Wildtieren Österreich
85%
Verbot von einigen Wildtieren Schweden
85%
Verbot von Wildtieren Spanien
85%
Verbot von einigen Wildtieren Frankreich
81%
Verbot von Wildtieren Irland
81%
Verbot von Wildtieren Polen
81%
Verbot von Wildtieren Rumänien
81%
Verbot von Wildtieren Lettland
78%
Verbot von Wildtieren Litauen
78%
Verbot von Wildtieren Slowakei
78%
Verbot von Wildtieren Tschechien
78%
Verbot von Wildtieren Ungarn
78%
Verbot von Wildtieren Estland
74%
Verbot von Wildtieren Kroatien
74%
Verbot von Wildtieren Slowenien
74%
Verbot von Wildtieren Serbien
70%
Verbot aller Tiere Bosnien und Herzegowina
67%
Verbot von Wildtieren Mexiko
67%
Verbot von einigen Wildtieren Ecuador
63%
Verbot von Wildtieren Nordmazedonien
63%
Verbot von Wildtieren Peru
63%
Verbot aller Tiere Bolivien
59%
Verbot von Wildtieren Israel
59%
Verbot aller Tiere Malta
59%
Verbot von Wildtieren Paraguay
59%
Verbot aller Tiere Zypern
59%
Verbot von Wildtieren Iran
56%
Verbot von Wildtieren Kolumbien
56%
Verbot von Wildtieren Costa Rica
52%
Verbot aller Tiere Honduras
48%
Verbot aller Tiere Guatemala
44%
Verbot von Wildtieren Singapur
41%
Verbot von einigen Wildtieren Libanon
37%
Verbot von Wildtieren El Salvador
33%
Verbot von einigen Wildtieren Usbekistan
30%
Verbot von Wildtieren Armenien
26%
Keine übereinstimmenden Quizze gefunden
Verteilung der Resultate
Anzahl Personen mit jedem Resultat
Perzentil nach korrekt beantworteten Fragen
Ihre Resultats-Entwicklung
Sie haben dieses Quiz noch nicht gespielt